Security+ guide to network security fundamentals
This book was required for an online course and i found it to be very adequate and informative. if one does the exercises and labs that are associated with the book they can gain a valuable insight into the field of network technology and skills to protect themselves and their organizations.
Na minha lista:
| Autor principal: | |
|---|---|
| Formato: | Livro |
| Idioma: | Undetermined |
| Publicado em: |
Boston, MA
Course Technology
2009
|
| Assuntos: | |
| Tags: |
Adicionar Tag
Sem tags, seja o primeiro a adicionar uma tag!
|
| Thư viện lưu trữ: | Trung tâm Học liệu Trường Đại học Cần Thơ |
|---|
| LEADER | 00855nam a2200217Ia 4500 | ||
|---|---|---|---|
| 001 | CTU_155030 | ||
| 008 | 210402s9999 xx 000 0 und d | ||
| 020 | |c 1916000 | ||
| 082 | |a 005.8 | ||
| 082 | |b C565 | ||
| 100 | |a Ciampa, Mark | ||
| 245 | 0 | |a Security+ guide to network security fundamentals | |
| 245 | 0 | |c Mark Ciampa | |
| 260 | |a Boston, MA | ||
| 260 | |b Course Technology | ||
| 260 | |c 2009 | ||
| 520 | |a This book was required for an online course and i found it to be very adequate and informative. if one does the exercises and labs that are associated with the book they can gain a valuable insight into the field of network technology and skills to protect themselves and their organizations. | ||
| 650 | |a Computer networks | ||
| 650 | |x Security measures | ||
| 904 | |i Năm | ||
| 980 | |a Trung tâm Học liệu Trường Đại học Cần Thơ | ||